| 000 | 01351nam0a22002891 4500 | ||
|---|---|---|---|
| 001 | rc\4078591 | ||
| 005 | 20260407124738.0 | ||
| 021 |
_aRU _b[49-36916] |
||
| 035 | _a(NLR Aleph) 008124553 | ||
| 090 |
_a9384771 _c9384771 |
||
| 100 | _a20130415d1949 |||y0rusy50 ca | ||
| 101 | 0 | _arus | |
| 102 | _aRU | ||
| 105 | _ay z ||||| | ||
| 200 | 1 |
_aО природе молнии _e(Почему бывает молния и гром) _e[Рек. список литературы] _fВсесоюз. о-во по распространению полит. и науч. знаний. Центр. политехн. б-ка |
|
| 210 |
_aМосква _cЦПБ _d1949 _gТип. Всесоюз. о-ва по распространению полит. и науч. знаний |
||
| 215 |
_a[4] с. _d18 |
||
| 300 | _aВ конце текста сост.: С.С. Константиновская | ||
| 606 |
_aГрозы _jБиблиография _2psbo |
||
| 606 |
_aМолния _jБиблиография _2psbo |
||
| 700 | 1 |
_aКонстантиновская _bС.С. _gСофья Семеновна _4220 |
|
| 712 | 0 | 2 |
_aЦентральная политехническая библиотека _cМосква _3RU\NLR\AUTH\889967586 _9431499 |
| 801 | 0 |
_aRU _bNLR _gpsbo |
|
| 801 | 1 |
_aRU _bELAR _2rusmarc |
|
| 852 |
_aNLR _jС111-660/К-65 |
||
| 942 | _cBOOK | ||
| 980 | _aNB | ||